000 01696nam a22004337a 4500
001 000101518
003 CHAP
005 20220329143525.0
008 100406s2010 mx r 00010 spa d
010 _a97981
011 _a98953
035 _a109638
040 _cCHAP
090 _aTesis
100 1 _aRamírez Aguilar, Monserrat.
_993846
245 1 0 _aRecursos naturales y culturales del municipio de Atzalan, Ver., con potencial para turismo de naturaleza /
_c/por Monserrat Ramírez Aguilar y José de Jesús Vargas Rodríguez.
260 _aChapingo, Méx. :
_bEl autor,
_c2010.
300 _avii, 123 h. :
_bgráfs. , ilus. , mapas.
502 _aTesis ( Ing. en Recursos Naturales Renovables) -- UACH. Departamento de Suelos
590 _aALEPH
_b10
_c20130110
_lUCH01
_h1533
590 _aBATCH-UPD
_b10
_c20130110
_lUCH01
_h1628
590 _aBATCH-UPD
_b10
_c20130410
_lUCH01
_h1021
590 _aBATCH-UPD
_b10
_c20130914
_lUCH01
_h1113
590 _aBATCH-UPD
_b10
_c20140324
_lUCH01
_h1515
590 _aBATCH-UPD
_b10
_c20141002
_lUCH01
_h0842
590 _aCONVERSION
_b10
_c20130109
_lUCH01
_h1354
590 _aE12093SGE
_b10
_c20130718
_lUCH01
_h0848
650 1 4 _aCuencas hidrológicas.
_930092
650 1 4 _aEcoturismo.
_935298
650 1 4 _aPoblación
_zVeracruz.
_989443
650 1 4 _aRecursos naturales
_xVeracruz.
_995323
700 1 _aVargas Rodríguez, José de Jesús.
_9118087
856 _3Finding aid
_uhttp://10.13.5.2/tesis/109638.pdf
_zTeclea aquí
901 _aBK
942 _cFOLL
942 _n0
949 _aTesis
_bBC
_cTES
_d33724002161793
_eTS1
_gDonaciØn
_h50223
_i109638
_sb
949 _aTesis
_bBC
_cTES
_d33724002161835
_eTS2
_fc.2
_gDonaciØn
_h50224
_i109638
_sb
999 _c97981
_d97981